• 首页
  • 本馆介绍
  • 公告通知
  • 最新文献
  • 馆藏检索
  • 电子资源
  • 读者导购
  • 参考咨询
  • 我的图书馆
  • 登录
  • 详细信息显示
  • 放入我的书架
  • 预约/预借图书
  • 作者相关作品
  • 分类相关作品
  • 丛书相关作品
  • 出版社相关作品

书目信息

  • 表格格式
  • 工作单格式
  • 卡片格式
题名:
泥塑
    
 
作者: 宫楚涵 编著
分册:  
出版信息: 合肥   黄山书社  2013.04
页数: 132页
开本: 26cm
丛书名: 中国红
单 册:
中图分类: J314.7
科图分类:
主题词: 泥塑--民间工艺--介绍--中国 , 泥塑 , 民间工艺
电子资源:
ISBN: 978-7-5461-3594-6
000 01000oam2 2200337 450
001 012013147451
005 20140610163417.23
010    @a978-7-5461-3594-6@dCNY59.00
100    @a20130709d2013 em y0chiy0110 ea
101 2  @achi@aeng
102    @aCN@b340000
105    @aa z 000yy
106    @ar
200 1  @a泥塑@9ni su@dClay sculpture@f宫楚涵编著@zeng
210    @a合肥@c黄山书社@d2013.04
215    @a132页@c图@d26cm
225 2  @a中国红
225 2  @a读图时代@v734
300    @a国家出版基金项目
330    @a本书以生动的文字和直观精美的图片,向海内外读者全面介绍中国泥塑的发展历程、工艺技法、用途,以及各地具有特色的泥塑作品。
333    @a泥塑爱好者
461  0 @12001 @a中国红
461  0 @12001 @a读图时代@v734
510 1  @aClay sculpture@zeng
606 0  @a泥塑@x民间工艺@x介绍@y中国
606 0  @a泥塑
606 0  @a民间工艺
690    @aJ314.7@v5
701  0 @a宫楚涵@9gong chu han@4编著
801  0 @aCN@b人天书店@c20130709
905    @b845367-69@dJ314.7@e33@f3
    
    泥塑=Clay sculpture/宫楚涵编著.-合肥:黄山书社,2013.04
    132页:图;26cm.-(中国红).-(读图时代;734)
    国家出版基金项目.-使用对象:泥塑爱好者
    
    ISBN 978-7-5461-3594-6:CNY59.00
    本书以生动的文字和直观精美的图片,向海内外读者全面介绍中国泥塑的发展历程、工艺技法、用途,以及各地具有特色的泥塑作品。
●
相关链接 在E读中查询图书 在五车中查询图书 在当当中查询图书 在豆瓣中查询图书


正题名:泥塑     索取号:J314.7/33         预约/预借

序号 登录号 条形码 馆藏地/架位号 状态 备注
1 845367   208453671   第一样本阅览室/ [索取号:J314.7/33] 在馆    
2 845368   208453680   第一借阅区/ [索取号:J314.7/33] 在馆    
3 845369   208453699   第一借阅区/ [索取号:J314.7/33] 在馆    
唐山师范学院图书馆 欢迎您!
大连网信软件有限公司© 版权所有